| 000 | 00590nam a22001937a 4500 | ||
|---|---|---|---|
| 999 |
_c93935 _d93935 |
||
| 010 | _aENG-113221 ENG-135868 | ||
| 020 |
_a9788192535494 _c695.00 |
||
| 035 | _aEN-96753 | ||
| 035 | _aEN-119400 | ||
| 037 | _bDBAD/PUB | ||
| 082 | _a330.934 | ||
| 100 | _aSihag, Balbir Singh | ||
| 245 |
_aKautilya : _cby Balbir Singh Sihag _bthe true founder of economics / |
||
| 260 |
_aNew Delhi _bVitasta Publishing _c2014 |
||
| 270 |
_a2/15, Ansari Road, Daryaganj _bNew Delhi _e110002 |
||
| 300 |
_a429p. _c23cm(Hb) |
||
| 500 | _aIncludes index | ||
| 942 |
_2ddc _cEN _mSIH _h330.934 |
||